[Event "37.Campionato Italiano"]
[Site "Castelvecchio Pascoli"]
[Date "1976.11.17"]
[Round "4"]
[White "Toth, Bela"]
[Black "Nestler, Vincenzo"]
[Result "1-0"]
[WhiteElo "2405"]
[BlackElo "2240"]
[Annotator "Gabriele Ballarin"]
[PlyCount "91"]
[EventDate "1976.11.14"]
[EventType "tourn"]
[EventCountry "ITA"]

1. d4 Nf6 2. c4 d6 3. Nc3 c6 4. g3 e5 5. Nf3 Nbd7 6. Bg2 exd4 7. Nxd4 Nb6 8. Qb3 Nfd7 9. Na4 Ne5 10. Nxb6 axb6 11. O-O Be7 12. f4 Ng4 13. h3 Nf6 14. e4 O-O 15. Be3 Nd7 16. Qc2 Re8 17. Bf2 Bf8 18. a4 Qc7 19. b3 g6 20. Rad1 Bg7 21. Rd2 Nc5 22. Kh1 f5 23. exf5 Bxd4 24. Bxd4 Bxf5 25. Qd1 Rad8 26. Kh2 Be4 27. Ba1 Bxg2 28. Rxg2 Re4 29. f5 d5 30. fxg6 hxg6 31. Rf6 Kh7 32. Qf3 Rd7 33. Rf8 d4 34. b4 Ne6 35. Qxe4 Nxf8 36. Bxd4 Qd8 37. Bc3 Qe7 38. Qf3 Qf7 39. Qg4 Qf5 40. Qh4+ Qh5 41. Qf6 Kg8 42. Rf2 Qh6 43. h4 Rc7 44. Be5 Rd7 45. Bd6 Rxd6 46. Qxd6 1-0

[Event "37.Campionato Italiano"]
[Site "Castelvecchio Pascoli"]
[Date "1976.11.18"]
[Round "5"]
[White "Bonfa, Ileano"]
[Black "Giustolisi, Alberto Mario"]
[Result "0-1"]
[WhiteElo "2240"]
[BlackElo "2270"]
[Annotator "Gabriele Ballarin"]
[PlyCount "70"]
[EventDate "1976.11.14"]
[EventType "tourn"]
[EventCountry "ITA"]

1. e4 c5 2. Nf3 Nc6 3. d4 cxd4 4. Nxd4 Nf6 5. Nc3 d6 6. Bc4 e6 7. Be3 Be7 8. Qe2 d5 9. O-O-O O-O 10. Nb3 Qc7 11. exd5 exd5 12. Bxd5 Nb4 13. Bc4 Bf5 14. Nd4 Bg6 15. h4 Rac8 16. Bb3 h5 17. Rh3 a6 18. Rg3 Kh7 19. Rg5 Ng4 20. Rxg4 hxg4 21. h5 Bxh5 22. Rh1 Qe5 23. Qxg4 g6 24. Nf3 Qg7 25. Ng5+ Bxg5 26. Bxg5 Rxc3 27. Qxb4 Rcc8 28. g4 Qe5 29. Be3 a5 30. Qxb7 a4 31. Bxf7 Rc7 32. Bxg6+ Kxg6 33. gxh5+ Kh7 34. Qb4 Rfc8 35. Qxa4 Rxc2+ 0-1

[Event "37.Campionato Italiano"]
[Site "Castelvecchio Pascoli"]
[Date "1976.11.18"]
[Round "5"]
[White "Nestler, Vincenzo"]
[Black "Cappello, Renato"]
[Result "0-1"]
[WhiteElo "2240"]
[BlackElo "2310"]
[Annotator "Gabriele Ballarin"]
[PlyCount "106"]
[EventDate "1976.11.14"]
[EventType "tourn"]
[EventCountry "ITA"]

1. e4 e5 2. Bc4 Nf6 3. Qe2 Bc5 4. Nf3 Nc6 5. c3 O-O 6. Bb3 d6 7. d3 Bb6 8. Bg5 Be6 9. Nbd2 Qe7 10. Ba4 Bd7 11. Nf1 Nd4 12. Nxd4 Bxa4 13. Nf5 Qe6 14. Qf3 Kh8 15. N1g3 Ne8 16. O-O f6 17. Bd2 g6 18. Bh6 Rf7 19. Ne3 Bc6 20. Ne2 f5 21. Qh3 Qf6 22. f4 Ng7 23. Bg5 Qe6 24. fxe5 dxe5 25. Kh1 f4 26. Ng4 Bd7 27. Nh6 Rff8 28. Qh4 Rae8 29. Rf3 c5 30. c4 Bd8 31. Nc3 Bxg5 32. Qxg5 Qd6 33. Ng4 Qe7 34. Qxe7 Rxe7 35. Nd5 Re6 36. h3 h5 37. Nh2 g5 38. Rff1 Ree8 39. Nf3 g4 40. hxg4 hxg4 41. Nh4 Re6 42. g3 Nh5 43. Nf5 Rh6 44. gxf4 Bxf5 45. Kg2 exf4 46. exf5 Rxf5 47. Rfe1 f3+ 48. Kh2 g3+ 49. Kh3 Rg6 50. Re4 Nf6 51. Rh4+ Rh5 52. Nxf6 Rxh4+ 53. Kxh4 g2 0-1

[Event "37.Campionato Italiano"]
[Site "Castelvecchio Pascoli"]
[Date "1976.11.18"]
[Round "5"]
[White "Paoli, Enrico"]
[Black "Tatai, Stefano"]
[Result "1/2-1/2"]
[WhiteElo "2265"]
[BlackElo "2465"]
[Annotator "Porreca L'Espresso-1976"]
[PlyCount "121"]
[EventDate "1976.11.14"]
[EventType "tourn"]
[EventCountry "ITA"]

1. e4 c5 2. Nf3 d6 3. d4 cxd4 4. Nxd4 Nf6 5. Nc3 a6 6. Bg5 e6 7. f4 Qb6 8. Nb3 Be7 9. Qf3 Nbd7 10. O-O-O Qc7 11. Bd3 h6 12. Qh3 Nb6 13. Rhe1 e5 14. f5 Bd7 15. Be3 Na4 16. Nxa4 Bxa4 17. Kb1 Bc6 18. Bd2 a5 19. g4 Nh7 20. Qg3 Qd8 21. Re2 Bh4 22. Qh3 Bf6 23. Be1 a4 24. Nd2 O-O (24... a3) (24... b5) 25. Qg3 d5 26. h4 a3 27. b3 Qb6 28. exd5 e4 29. Nc4 Qd4 30. c3 Qxd5 31. Bc2 Qc5 32. Bxe4 Rfe8 33. Bd3 Rxe2 34. Bxe2 b5 35. Qd6 Be4+ 36. Kc1 Qa7 37. Nb6 Rd8 38. Nd7 Rc8 (38... Kh8 39. Bxb5 Nf8) 39. Nxf6+ Nxf6 40. Qd4 Qb7 41. g5 hxg5 42. hxg5 Nh7 43. g6 fxg6 44. fxg6 Bxg6 45. Qg4 Re8 46. Bxb5 Qxb5 47. Qxg6 Nf8 48. Qc2 Re2 49. Bd2 Ne6 50. Rh1 Ng5 51. Rh5 Qe8 (51... Rg2 52. Qg6) 52. Rh1 (52. Rxg5 Re1+ 53. Bxe1 Qxe1+ 54. Qd1 Qxc3+ 55. Qc2) 52... Ne4 53. Qd3 Nxd2 54. Qd5+ Re6 55. Qxd2 Qc6 56. Rd1 Qe4 57. Qd8+ Kf7 58. Rf1+ Rf6 59. Qd7+ Kg8 60. Rd1 Rf2 61. Qc8+ 1/2-1/2

[Event "37.Campionato Italiano"]
[Site "Castelvecchio Pascoli"]
[Date "1976.11.18"]
[Round "5"]
[White "Zichichi, Alvise"]
[Black "Toth, Bela"]
[Result "0-1"]
[WhiteElo "2320"]
[BlackElo "2405"]
[Annotator "Porreca"]
[PlyCount "90"]
[EventDate "1976.11.14"]
[EventType "tourn"]
[EventCountry "ITA"]

1. Nf3 d5 2. g3 c6 3. Bg2 Bg4 4. d3 Nd7 5. O-O Ngf6 6. Nbd2 e6 7. h3 Bh5 8. c4 Bd6 9. Qc2 O-O 10. e4 dxe4 11. dxe4 Bxf3 12. Nxf3 Qc7 13. Be3 b6 14. Rad1 Rad8 15. a3 a5 16. Kh1 e5 17. Nh4 Bc5 18. Bd2 Rfe8 19. b4 axb4 20. axb4 Bd4 21. Nf5 c5 22. Nxd4 cxd4 23. Ra1 Ra8 24. Rfc1 Rxa1 25. Rxa1 Rc8 26. Bf1 Nf8 27. Bd3 Ne6 28. Qa2 h6 29. Qa7 Qc6 30. Qa4 Qb7 31. f3 Qc7 32. Qa7 Qd8 33. Qa6 Rb8 34. Kg2 Nh5 35. Bf1 (35. Qa7) 35... Qf6 36. Qa3 Rc8 37. Kh2 Ng5 38. Kg2 (38. Be2 Nxe4) 38... d3 39. Qxd3 Rd8 40. Qe3 Rxd2+ 41. Qxd2 Qxf3+ 42. Kg1 Nxg3 43. Bg2 Ne2+ 44. Kh1 Qf2 45. Qe1 Ng3+ 0-1

[Event "37.Campionato Italiano"]
[Site "Castelvecchio Pascoli"]
[Date "1976.11.19"]
[Round "6"]
[White "Cappello, Renato"]
[Black "Zichichi, Alvise"]
[Result "1/2-1/2"]
[WhiteElo "2310"]
[BlackElo "2320"]
[Annotator "Gabriele Ballarin"]
[PlyCount "20"]
[EventDate "1976.11.14"]
[EventType "tourn"]
[EventCountry "ITA"]

1. d4 d5 2. c4 c6 3. cxd5 cxd5 4. Nc3 Nc6 5. Nf3 Nf6 6. Bf4 e6 7. e3 Be7 8. h3 h6 9. Bd3 O-O 10. O-O Bd7 1/2-1/2

[Event "37.Campionato Italiano"]
[Site "Castelvecchio Pascoli"]
[Date "1976.11.19"]
[Round "6"]
[White "Giustolisi, Alberto Mario"]
[Black "Nestler, Vincenzo"]
[Result "1-0"]
[WhiteElo "2270"]
[BlackElo "2240"]
[Annotator "Gabriele Ballarin"]
[PlyCount "61"]
[EventDate "1976.11.14"]
[EventType "tourn"]
[EventCountry "ITA"]

1. e4 c5 2. Nf3 a6 3. d4 cxd4 4. Nxd4 Nf6 5. Nc3 d6 6. Bc4 g6 7. h3 Bg7 8. Be3 b5 9. Bb3 Bb7 10. a4 b4 11. Nd5 O-O 12. f3 a5 13. Qd2 Nbd7 14. Bh6 e6 15. Bxg7 Kxg7 16. Ne3 Nc5 17. Ng4 Ng8 18. h4 h5 19. Ne3 Nxb3 20. cxb3 d5 21. e5 Qc7 22. f4 Ne7 23. g4 Rh8 24. gxh5 Rxh5 25. Ng4 Rc8 26. Nb5 Qb6 27. Nf6 Rh6 28. Nd6 Rxh4 29. Rxh4 Qg1+ 30. Ke2 Ba6+ 31. Kf3 1-0

[Event "37.Campionato Italiano"]
[Site "Castelvecchio Pascoli"]
[Date "1976.11.19"]
[Round "6"]
[White "Passerotti, Pierluigi"]
[Black "Bonfa, Ileano"]
[Result "1-0"]
[WhiteElo "2320"]
[BlackElo "2240"]
[Annotator "Gabriele Ballarin"]
[PlyCount "71"]
[EventDate "1976.11.14"]
[EventType "tourn"]
[EventCountry "ITA"]

1. d4 Nf6 2. c4 g6 3. Nc3 d5 4. cxd5 Nxd5 5. e4 Nxc3 6. bxc3 Bg7 7. Bc4 O-O 8. Ne2 c5 9. Be3 Nc6 10. O-O Na5 11. Bd3 b6 12. f4 cxd4 13. cxd4 Bb7 14. Rc1 Rc8 15. f5 Rxc1 16. Qxc1 Qc8 17. Qe1 Ba6 18. Bxa6 Qxa6 19. e5 Qd3 20. Rf3 Qe4 21. Nc3 Qc6 22. d5 Qc4 23. f6 exf6 24. exf6 Rc8 25. fxg7 Qxc3 26. Qxc3 Rxc3 27. Bd4 Rxf3 28. gxf3 Nc4 29. Kf2 Nd6 30. Be5 Nc4 31. Bf6 Nd6 32. Ke3 Ne8 33. Be5 Nxg7 34. d6 Nf5+ 35. Ke4 Kf8 36. Kd5 1-0

[Event "37.Campionato Italiano"]
[Site "Castelvecchio Pascoli"]
[Date "1976.11.20"]
[Round "7"]
[White "Nestler, Vincenzo"]
[Black "Passerotti, Pierluigi"]
[Result "0-1"]
[WhiteElo "2240"]
[BlackElo "2320"]
[Annotator "Gabriele Ballarin"]
[PlyCount "172"]
[EventDate "1976.11.14"]
[EventType "tourn"]
[EventCountry "ITA"]

1. e4 c5 2. Nc3 d6 3. Nf3 Nf6 4. d4 cxd4 5. Nxd4 a6 6. Bc4 e6 7. Bb3 b5 8. a3 Be7 9. O-O O-O 10. Be3 Bb7 11. f3 Nbd7 12. Qe2 Qc7 13. Qf2 Ne5 14. Rad1 Nc4 15. Bc1 Rac8 16. Nce2 d5 17. Bxc4 dxc4 18. Kh1 Nd7 19. Bf4 Qb6 20. Qg3 Rfd8 21. Be3 Qc7 22. Qh3 Nf8 23. Nc3 Rd7 24. Nde2 Rcd8 25. Rxd7 Rxd7 26. Qh5 g6 27. Qh6 Qd8 28. e5 Qc7 29. f4 Bc6 30. Qh3 Qb7 31. Nd4 Be4 32. Qg3 Bc5 33. Rd1 Qa8 34. Rd2 Bb7 35. Qf2 Qd8 36. Nce2 Be7 37. Kg1 Bh4 38. Ng3 c3 39. bxc3 Qa5 40. Nf3 Be7 41. Bc5 Bd5 42. Bxe7 Rxe7 43. Qc5 Rc7 44. Qb4 Qxb4 45. cxb4 Rc3 46. Nd4 Rxa3 47. f5 Re3 48. fxe6 fxe6 49. Re2 Rc3 50. Ne4 Bxe4 51. Rxe4 Rc4 52. c3 Rxc3 53. Nf3 Kf7 54. Rd4 Ke7 55. Rd6 Re3 56. Rxa6 Re4 57. Kf2 Nd7 58. Ra7 h6 59. h4 Kd8 60. Ra8+ Ke7 61. Ra7 g5 62. hxg5 hxg5 63. Nxg5 Rxe5 64. Nh3 Re4 65. Kf3 Rxb4 66. Nf4 Ra4 67. Rb7 Ra5 68. Rc7 Kd6 69. Rc1 Ne5+ 70. Ke2 Ra2+ 71. Ke3 Nc4+ 72. Ke4 e5 73. Nd3 Rxg2 74. Ra1 Re2+ 75. Kf5 Kd5 76. Nb4+ Kc5 77. Na6+ Kd4 78. Rb1 Rf2+ 79. Ke6 Rb2 80. Rd1+ Nd2 81. Nc7 e4 82. Kf5 e3 83. Kf4 Kd3 84. Nd5 e2 85. Re1 Rb1 86. Rxe2 Rf1+ 0-1

[Event "37.Campionato Italiano"]
[Site "Castelvecchio Pascoli"]
[Date "1976.11.20"]
[Round "7"]
[White "Paoli, Enrico"]
[Black "Toth, Bela"]
[Result "0-1"]
[WhiteElo "2265"]
[BlackElo "2405"]
[Annotator "Gabriele Ballarin"]
[PlyCount "70"]
[EventDate "1976.11.14"]
[EventType "tourn"]
[EventCountry "ITA"]

1. e4 c5 2. Nf3 Nc6 3. d4 cxd4 4. Nxd4 Nf6 5. Nc3 d6 6. Bg5 e6 7. Qd2 a6 8. O-O-O h6 9. Bxf6 Qxf6 10. Nxc6 bxc6 11. f4 Qd8 12. h4 Be7 13. g4 d5 14. Bg2 Rb8 15. b3 Bxh4 16. exd5 cxd5 17. Kb1 O-O 18. Rh2 Bb7 19. Rdh1 g5 20. Rxh4 gxh4 21. g5 d4 22. Ne4 Bxe4 23. Bxe4 hxg5 24. fxg5 Rb5 25. Rxh4 Rxg5 26. Qh2 f5 27. Rh8+ Kf7 28. Qh7+ Rg7 29. Qh5+ Ke7 30. Qh4+ Kd7 31. Qf2 Rxh8 32. Qxd4+ Kc8 33. Qc4+ Qc7 34. Qxe6+ Kb8 35. Bxf5 Rg3 0-1

[Event "37.Campionato Italiano"]
[Site "Castelvecchio Pascoli"]
[Date "1976.11.20"]
[Round "7"]
[White "Zichichi, Alvise"]
[Black "Giustolisi, Alberto Mario"]
[Result "1-0"]
[WhiteElo "2320"]
[BlackElo "2270"]
[Annotator "Gabriele Ballarin"]
[PlyCount "83"]
[EventDate "1976.11.14"]
[EventType "tourn"]
[EventCountry "ITA"]

1. e4 c5 2. Nf3 Nc6 3. d4 cxd4 4. Nxd4 e6 5. Nc3 a6 6. Be2 Nf6 7. O-O Qc7 8. Kh1 Bb4 9. Bg5 Bxc3 10. Bxf6 gxf6 11. bxc3 d6 12. f4 Bd7 13. Rb1 Ke7 14. Qe1 h5 15. Qh4 Rh6 16. Bf3 Na5 17. e5 dxe5 18. fxe5 Qxe5 19. Rbe1 Qc5 20. Bxb7 Rah8 21. Nf5+ Kf8 22. Nxh6 Rxh6 23. Bxa6 Qxc3 24. Rf3 Qb2 25. Qf4 Kg7 26. Rg3+ Rg6 27. Rxg6+ Kxg6 28. Bd3+ f5 29. Qg3+ Kf6 30. Qc7 Qb4 31. c3 Qa4 32. Qd8+ Kg7 33. Qg5+ Kf8 34. Qxh5 Bc6 35. Bxf5 Qxa2 36. Bh3 Qd2 37. Rf1 f5 38. Qh8+ Kf7 39. Qe5 Bd5 40. Qc7+ Kf6 41. Qxa5 Qd3 42. Qa1 1-0

[Event "37.Campionato Italiano"]
[Site "Castelvecchio Pascoli"]
[Date "1976.11.22"]
[Round "8"]
[White "Passerotti, Pierluigi"]
[Black "Zichichi, Alvise"]
[Result "1-0"]
[WhiteElo "2320"]
[BlackElo "2320"]
[Annotator "Gabriele Ballarin"]
[PlyCount "113"]
[EventDate "1976.11.14"]
[EventType "tourn"]
[EventCountry "ITA"]

1. e4 c5 2. Nf3 e6 3. d4 cxd4 4. Nxd4 Nc6 5. Nc3 a6 6. Be2 Qc7 7. Be3 b5 8. Nxc6 Qxc6 9. f4 Bb7 10. Bf3 Qc7 11. O-O Bc5 12. Bxc5 Qxc5+ 13. Kh1 d6 14. e5 d5 15. f5 exf5 16. Bxd5 Rd8 17. Bxf7+ Ke7 18. Qh5 Nh6 19. e6 Ng4 20. Qg5+ Kd6 21. e7 Rde8 22. Qf4+ Kxe7 23. Bxe8 Rxe8 24. Rae1+ Kd7 25. Rxe8 Kxe8 26. h3 Bxg2+ 27. Kxg2 Ne3+ 28. Kg1 Nxf1+ 29. Kxf1 b4 30. Ne2 Qxc2 31. Qb8+ Kf7 32. Qb7+ Ke8 33. Qxg7 Qb1+ 34. Kf2 Qxa2 35. Qh8+ Ke7 36. Qxh7+ Ke8 37. Qh8+ Kf7 38. Qh5+ Ke7 39. Qh4+ Kf7 40. Qxb4 Qd5 41. Qd4 Qh1 42. Qc4+ Kg7 43. Qc3+ Kf7 44. Qb3+ Kf8 45. Qf3 Qh2+ 46. Kf1 Qe5 47. Qc3 Qe4 48. Kf2 Qh4+ 49. Qg3 Qb4 50. Qe5 Qh4+ 51. Kg2 Qg5+ 52. Ng3 Qd2+ 53. Kf3 Qd3+ 54. Kf4 Qc4+ 55. Kg5 Qc1+ 56. Kg6 f4 57. Nf5 1-0

[Event "37.Campionato Italiano"]
[Site "Castelvecchio Pascoli"]
[Date "1976.11.22"]
[Round "8"]
[White "Primavera, Giuseppe"]
[Black "Nestler, Vincenzo"]
[Result "1-0"]
[WhiteElo "2215"]
[BlackElo "2240"]
[Annotator "Gabriele Ballarin"]
[PlyCount "89"]
[EventDate "1976.11.14"]
[EventType "tourn"]
[EventCountry "ITA"]

1. Nf3 Nf6 2. c4 c6 3. g3 d6 4. d4 Nbd7 5. Nc3 e5 6. Qc2 exd4 7. Nxd4 Nb6 8. e4 g6 9. Bg5 h6 10. Bf4 Bg7 11. O-O-O O-O 12. c5 Nbd7 13. Bxd6 Re8 14. f4 Qa5 15. Nb3 Qd8 16. e5 Ng4 17. Qd2 h5 18. h3 Nh6 19. Nd4 Qa5 20. Nb3 Qd8 21. Ne4 Nf8 22. Nd4 Ne6 23. Nf3 Nc7 24. Bc4 Be6 25. Bxc7 Qxc7 26. Bxe6 Rxe6 27. Nfg5 Re7 28. Nd6 b6 29. Nge4 bxc5 30. Nxc5 Qb6 31. Nce4 Rb8 32. Rh2 Rd7 33. Qc3 Re7 34. Rhd2 Qa6 35. Kb1 Kh8 36. Ng5 Kg8 37. Nge4 Kh7 38. Qf3 Qb6 39. g4 h4 40. g5 Nf5 41. Nxf5 gxf5 42. Nf6+ Bxf6 43. Qh5+ Kg8 44. gxf6 Rd7 45. Rg2+ 1-0

[Event "37.Campionato Italiano"]
[Site "Castelvecchio Pascoli"]
[Date "1976.11.22"]
[Round "8"]
[White "Toth, Bela"]
[Black "Tatai, Stefano"]
[Result "1-0"]
[WhiteElo "2405"]
[BlackElo "2465"]
[Annotator "Porreca"]
[PlyCount "83"]
[EventDate "1976.11.14"]
[EventType "tourn"]
[EventCountry "ITA"]

1. d4 Nf6 2. c4 c5 3. d5 d6 4. Nc3 g6 5. e4 Bg7 6. Bg5 h6 7. Bf4 g5 8. Bd2 Nbd7 9. Nge2 Ne5 10. Ng3 e6 11. Be2 a6 12. a4 exd5 13. cxd5 O-O 14. O-O b6 15. f4 gxf4 16. Bxf4 Qe7 17. Qd2 Kh7 18. h3 Bd7 19. Be3 Rg8 20. Kh1 b5 21. axb5 axb5 22. Rxa8 Rxa8 23. Bxb5 Bxb5 24. Nxb5 Nc4 25. Qd3 Nxe3 (25... Ne5) 26. e5+ Kg8 27. exf6 Bxf6 28. Rxf6 Ra1+ 29. Kh2 Ng4+ 30. hxg4 Qxf6 31. Nf5 Qxb2 32. Nbxd6 Qc1 33. Qe3 Qxe3 34. Nxe3 Ra3 35. Ndc4 Rd3 36. Kg3 Rd4 37. Nb6 Kh7 38. Nec4 Kg6 39. d6 f5 40. gxf5+ Kxf5 41. d7 Ke6 42. Na5 1-0

[Event "37.Campionato Italiano"]
[Site "Castelvecchio Pascoli"]
[Date "1976.11.23"]
[Round "10"]
[White "Giustolisi, Alberto Mario"]
[Black "Tatai, Stefano"]
[Result "0-1"]
[WhiteElo "2270"]
[BlackElo "2465"]
[Annotator "Gabriele Ballarin"]
[PlyCount "66"]
[EventDate "1976.11.14"]
[EventType "tourn"]
[EventCountry "ITA"]

1. e4 c5 2. Nf3 d6 3. d4 cxd4 4. Nxd4 Nf6 5. Nc3 Nc6 6. Be2 e5 7. Nb3 Be7 8. Be3 O-O 9. O-O a5 10. a4 Be6 11. Bf3 Nb4 12. Qd2 Rc8 13. Rfd1 b6 14. Rac1 Qc7 15. Bg5 Rfd8 16. h3 h6 17. Be3 d5 18. exd5 Nfxd5 19. Nxd5 Nxd5 20. Bxd5 Rxd5 21. Qe2 Rxd1+ 22. Qxd1 f5 23. Qh5 Bf6 24. c4 f4 25. Bd2 Qf7 26. Qe2 Bxc4 27. Qe4 Qe6 28. Qb7 Rd8 29. Bxa5 bxa5 30. Nxa5 Bd5 31. Qc7 f3 32. g4 e4 33. Nc6 Bxc6 0-1

[Event "37.Campionato Italiano"]
[Site "Castelvecchio Pascoli"]
[Date "1976.11.24"]
[Round "10"]
[White "Passerotti, Pierluigi"]
[Black "Paoli, Enrico"]
[Result "1-0"]
[WhiteElo "2320"]
[BlackElo "2265"]
[Annotator "Gabriele Ballarin"]
[PlyCount "67"]
[EventDate "1976.11.14"]
[EventType "tourn"]
[EventCountry "ITA"]

1. Nf3 Nf6 2. b3 d5 3. Bb2 Bf5 4. e3 e6 5. Be2 h6 6. O-O Be7 7. d3 O-O 8. Nbd2 c5 9. Ne5 Nbd7 10. f4 Nxe5 11. fxe5 Nd7 12. c4 dxc4 13. Nxc4 b5 14. Nd6 Bxd6 15. exd6 Nb6 16. e4 Bg6 17. e5 Nd5 18. Qd2 Rc8 19. Rac1 Qb6 20. d4 cxd4 21. Bxd4 Qb7 22. Bf3 a6 23. b4 Qd7 24. Rc5 f6 25. Bxd5 exd5 26. exf6 Be4 27. fxg7 Rxf1+ 28. Kxf1 Re8 29. Qf4 Qe6 30. h3 Bf5 31. Kg1 Bxh3 32. gxh3 Qxh3 33. Bf2 Qh5 34. d7 1-0

[Event "37.Campionato Italiano"]
[Site "Castelvecchio Pascoli"]
[Date "1976.11.25"]
[Round "11"]
[White "Tatai, Stefano"]
[Black "Passerotti, Pierluigi"]
[Result "1/2-1/2"]
[WhiteElo "2465"]
[BlackElo "2320"]
[Annotator "Gabriele Ballarin"]
[PlyCount "80"]
[EventDate "1976.11.14"]
[EventType "tourn"]
[EventCountry "ITA"]

1. e4 Nc6 2. Nf3 e5 3. Bb5 a6 4. Ba4 Nge7 5. c4 g6 6. d4 exd4 7. Nxd4 Bg7 8. Be3 O-O 9. Nc3 d6 10. h3 Ne5 11. Bb3 c5 12. Nde2 Be6 13. Nd5 b5 14. cxb5 c4 15. Bc2 axb5 16. O-O N5c6 17. Nxe7+ Qxe7 18. Nd4 Nb4 19. a3 Nxc2 20. Qxc2 Bd7 21. Rfe1 Rfe8 22. f3 d5 23. Bf2 dxe4 24. Rxe4 Qf6 25. Rae1 h6 26. Rxe8+ Rxe8 27. Rxe8+ Bxe8 28. a4 bxa4 29. Qxc4 Qd8 30. Qb4 Kh7 31. Be3 Qd5 32. Kf2 Qe5 33. b3 f5 34. f4 Qe4 35. bxa4 g5 36. g3 Bh5 37. Qc5 Bxd4 38. Qxd4 Qf3+ 39. Kg1 Qxg3+ 40. Kf1 Qf3+ 1/2-1/2

[Event "37.Campionato Italiano"]
[Site "Castelvecchio Pascoli"]
[Date "1976.11.26"]
[Round "12"]
[White "Passerotti, Pierluigi"]
[Black "Magrin, Antonio"]
[Result "1/2-1/2"]
[WhiteElo "2320"]
[BlackElo "2240"]
[Annotator "Gabriele Ballarin"]
[PlyCount "83"]
[EventDate "1976.11.14"]
[EventType "tourn"]
[EventCountry "ITA"]

1. e4 g6 2. d4 Bg7 3. Nf3 d6 4. Bc4 Nf6 5. Qe2 O-O 6. O-O Bg4 7. Nbd2 e5 8. dxe5 dxe5 9. h3 Bxf3 10. Nxf3 Nbd7 11. Rd1 Qe7 12. Nh2 h6 13. Ng4 Kh7 14. Nxf6+ Nxf6 15. Bd3 Rad8 16. Be3 b6 17. a3 c5 18. g3 Rd7 19. f3 Rfd8 20. Bb5 Rxd1+ 21. Rxd1 Ne8 22. Rxd8 Qxd8 23. Bc4 Qd7 24. Kg2 Nc7 25. Ba2 Kg8 26. h4 h5 27. Qc4 Qe6 28. Qxe6 Nxe6 29. Bxe6 fxe6 30. Kf2 Kf7 31. Ke2 Ke8 32. Kd3 Kd7 33. a4 Kc6 34. Bd2 Bf8 35. Bg5 a6 36. Bf6 Bd6 37. Bg7 b5 38. axb5+ axb5 39. c4 Bc7 40. Kc2 bxc4 41. Bf6 Kb5 42. Bg5 1/2-1/2

[Event "C.to Italiano di Categoria"]
[Site "Pesaro ITA"]
[Date "1978.06.??"]
[Round "4"]
[White "Rosino, Antonio"]
[Black "Romani, Elio"]
[Result "1-0"]
[WhiteElo "2295"]
[BlackElo "2275"]
[Annotator "Gabriele Ballarin"]
[PlyCount "57"]
[EventDate "1978.06.17"]
[EventType "swiss"]
[EventRounds "3"]
[EventCountry "ITA"]

1. e4 c5 2. c3 d5 3. exd5 Qxd5 4. d4 Nf6 5. Nf3 e6 6. Be2 Be7 7. O-O Nc6 8. Na3 O-O 9. Nb5 Ne8 10. c4 Qd8 11. d5 exd5 12. cxd5 Nb4 13. Nc3 Nf6 14. Bc4 Bf5 15. Bf4 Ne4 16. a3 Na6 17. Re1 Nxc3 18. bxc3 Nb8 19. Qb3 Bc8 20. d6 Bf6 21. Ne5 Bxe5 22. Rxe5 Qf6 23. Bg3 Nd7 24. Re7 h5 25. Rae1 h4 26. Rxf7 Rxf7 27. Re7 Ne5 28. Rxe5 hxg3 29. Bxf7+ 1-0

[Event "10.C.to Italiano femminile"]
[Site "Latina ITA"]
[Date "1980.07.??"]
[Round "?"]
[White "Gramignani, Rita"]
[Black "Pernici, Barbara"]
[Result "1-0"]
[WhiteElo "1935"]
[BlackElo "1965"]
[Annotator "Gabriele Ballarin"]
[PlyCount "43"]
[EventDate "1980.07.19"]
[EventType "game"]
[EventCountry "ITA"]

1. e4 c5 2. Nf3 Nf6 3. e5 Nd5 4. d4 e6 5. c4 Nc7 6. Bg5 f6 7. exf6 gxf6 8. Be3 cxd4 9. Nxd4 Bb4+ 10. Nc3 Qe7 11. Be2 Qg7 12. Bh5+ Kd8 13. Bf3 d6 14. a3 Bxc3+ 15. bxc3 Nba6 16. Nb5 d5 17. cxd5 Nxb5 18. dxe6+ Ke7 19. Qd5 Nbc7 20. Bc5+ Nxc5 21. Qxc5+ Ke8 22. Bh5+ 1-0

[Event "40.C.to Italiano"]
[Site "Argnano Terme Napoli ITA"]
[Date "1981.03.14"]
[Round "1.2"]
[White "Taruffi, Daniele"]
[Black "Arlandi, Ennio"]
[Result "1-0"]
[WhiteElo "2365"]
[BlackElo "2365"]
[Annotator "Gabriele Ballarin"]
[PlyCount "139"]
[EventDate "1981.03.14"]
[EventType "swiss"]
[EventRounds "11"]
[EventCountry "ITA"]

{[%evp 0,135,16,28,86,14,16,15,7,-31,-24,-16,50,23,36,11,2,2,13,-10,-1,-24,-12,-12,14,-2,4,-9,-4,-2,3,-17,-14,-14,11,-25,32,-11,63,60,64,63,86,84,75,60,40,47,53,30,74,55,91,30,108,93,96,81,90,121,121,78,92,66,146,105,101,122,123,118,118,113,114,52,119,104,108,120,143,134,120,121,122,124,133,120,124,107,133,70,79,52,113,111,113,98,98,107,112,112,129,9,1,12,12,12,99,78,78,83,72,72,72,61,60,28,60,79,79,79,79,201,201,701,478,160,359,467,467,505,1415,1483,1128,1567,1795,1898,2192,29984]} 1. e4 c5 2. c4 Nc6 3. Nc3 g6 4. g3 Bg7 5. Bg2 e6 6. Nge2 Nge7 7. O-O O-O 8. d3 d6 9. Rb1 b6 10. a3 Bb7 11. b4 Qd7 12. Bf4 h6 13. Nb5 e5 14. Bd2 Nd4 15. Nbxd4 exd4 16. Nf4 Rae8 17. Re1 Kh7 18. Nd5 Bxd5 19. exd5 h5 20. Be4 f5 21. Bg2 Ng8 22. Qc2 Bh6 23. f4 Nf6 24. Bf3 Kg7 25. bxc5 dxc5 26. Re5 Re7 27. Rxe7+ Qxe7 28. Qa4 Qd7 29. Qxd7+ Nxd7 30. a4 Kf7 31. a5 Ke7 32. Kf2 Re8 33. Bd1 Kd6 34. Ba4 Rb8 35. Re1 Nf8 36. axb6 axb6 37. Bc6 Bg7 38. Ra1 Bf6 39. Ra7 Bd8 40. Kf3 Bc7 41. Ra1 Bd8 42. Re1 Be7 43. h3 Rc8 44. Re2 Rc7 45. Be8 Ra7 46. Bxg6 Nxg6 47. Re6+ Kd7 48. Rxg6 Ra2 49. Ke2 b5 50. g4 hxg4 51. hxg4 bxc4 52. dxc4 fxg4 53. Rxg4 Ra4 54. Kd3 Ra3+ 55. Ke4 Ra4 56. Kd3 Ra3+ 57. Ke4 Ra4 58. f5 Rxc4 59. Rg7 Ke8 60. Ke5 Rc2 61. Ke6 Rxd2 62. Rxe7+ Kf8 63. d6 Ra2 64. f6 d3 65. Rf7+ Kg8 66. d7 Ra8 67. Ke7 d2 68. Rg7+ Kh8 69. Rg1 c4 70. f7 1-0

[Event "40.C.to Italiano"]
[Site "Argnano Terme Napoli ITA"]
[Date "1981.03.16"]
[Round "3.5"]
[White "Sibilio, Mario"]
[Black "Ianniello, Riccardo"]
[Result "1-0"]
[WhiteElo "2440"]
[BlackElo "2285"]
[Annotator "Gabriele Ballarin"]
[PlyCount "79"]
[EventDate "1981.03.14"]
[EventType "swiss"]
[EventRounds "11"]
[EventCountry "ITA"]

{[%evp 0,68,37,40,17,2,-3,-23,44,20,43,33,54,20,92,92,71,56,99,51,27,13,31,35,50,43,47,41,100,70,121,106,132,93,86,69,88,33,75,64,68,68,71,68,89,88,82,-7,19,62,82,59,190,71,71,-94,30,42,141,141,270,270,279,156,108,137,461,323,482,433,1021]} 1. Nf3 d5 2. b3 Nf6 3. Bb2 c5 4. e3 Nc6 5. Bb5 Bg4 6. h3 Bh5 7. g4 Bg6 8. Ne5 Qb6 9. Bxc6+ bxc6 10. h4 h6 11. d3 Nd7 12. Nxg6 fxg6 13. f4 O-O-O 14. Nd2 Re8 15. Nf3 e6 16. Qd2 Rg8 17. O-O-O Bd6 18. h5 gxh5 19. Rxh5 Ref8 20. g5 d4 21. Kb1 hxg5 22. Nxg5 Nf6 23. Rh4 Nd5 24. Nxe6 dxe3 25. Qe2 Rf6 26. f5 Rxf5 27. c4 Rf2 28. Qg4 Rxb2+ 29. Kxb2 Be5+ 30. d4 cxd4 31. Nc5+ Kc7 32. Nd3 Qa5 33. cxd5 Qc3+ 34. Kb1 Rf8 35. Nxe5 Rf2 36. Qd7+ Kb6 37. Qxc6+ Qxc6 38. dxc6 e2 39. Re1 Rf1 40. Rh1 1-0